[Event "COL-ch U16"]
[Site "Medellin"]
[Date "2025.04.27"]
[Round "7"]
[White "Rueda Rojas, Richard Alejandro"]
[Black "Toro Ramirez, Samuel"]
[Result "1/2-1/2"]
[WhiteElo "2022"]
[BlackElo "1994"]
[PlyCount "135"]
[EventDate "2025.04.24"]
[EventType "swiss"]
[EventRounds "7"]
[EventCountry "COL"]
[SourceTitle "CB18_2025"]
[SourceDate "2025.04.30"]
[SourceVersion "1"]
[SourceVersionDate "2025.04.30"]
[SourceQuality "1"]

1. d4 Nf6 2. Nf3 g6 3. c4 Bg7 4. g3 d6 5. Bg2 0-0 6. 0-0 Nbd7 7. Nc3 e5 8. e4 exd4 9. Nxd4 Nc5 10. h3 Re8 11. Re1 h6 12. Kh2 a5 13. f4 a4 14. Rb1 c6 15. b4 axb3 16. axb3 Nh7 17. Be3 f5 18. Bg1 fxe4 19. Nxe4 Nxe4 20. Bxe4 Ra2+ 21. Bg2 Nf8 22. Qd3 Kh8 23. Rbd1 Qd7 24. Rd2 Rxd2 25. Qxd2 Rxe1 26. Qxe1 Ne6 27. Nf3 g5 28. f5 Nc5 29. Nd4 Be5 30. Qe2 Qg7 31. Qd1 Kg8 32. b4 Na6 33. b5 cxb5 34. cxb5 Nc5 35. Bd5+ Kh7 36. Bf2 Qf6 37. Ba2 Ne4 38. Qb3 Qg7 39. Bb1 Nf6 40. Ne6 Qe7 41. Qc4 Bxe6 42. fxe6+ Kg7 43. Qd3 Qxe6 44. Qg6+ Kf8 45. Qxh6+ Ke7 46. Qg7+ Qf7 47. Qxg5 Qb3 48. Bf5 Qxb5 49. Qg7+ Ke8 50. Bg6+ Kd8 51. Qf8+ Kc7 52. Qf7+ Qd7 53. Qb3 Qc6 54. Bf5 Qa6 55. Qf7+ Kc6 56. Qe6 b5 57. Qb3 Qa4 58. Qe6 Qa6 59. Bd3 Qa8 60. Be2 Qg8 61. Bf3+ Kc7 62. Qe7+ Nd7 63. Bg4 Qg7 64. Qe6 Qh7 65. Bf5 Qg7 66. Qd5 Qg5 67. Be4 Nf6 68. Qb7+ 1/2-1/2

[Event "COL-ch U16"]
[Site "Medellin"]
[Date "2025.04.26"]
[Round "4"]
[White "Garzon Espitia, Nicolas Alejandro"]
[Black "Toro Ramirez, Samuel"]
[Result "0-1"]
[WhiteElo "1631"]
[BlackElo "1994"]
[PlyCount "118"]
[EventDate "2025.04.24"]
[EventType "swiss"]
[EventRounds "7"]
[EventCountry "COL"]
[SourceTitle "CB18_2025"]
[SourceDate "2025.04.30"]
[SourceVersion "1"]
[SourceVersionDate "2025.04.30"]
[SourceQuality "1"]

1. c4 Nf6 2. Nc3 g6 3. g3 Bg7 4. Bg2 0-0 5. Nf3 d6 6. d3 e5 7. 0-0 h6 8. h3 Nc6 9. Bd2 Ne8 10. Rb1 f5 11. b4 a6 12. b5 axb5 13. Rxb5 Nf6 14. Ne1 Nd4 15. Rb1 f4 16. e3 Ne6 17. exf4 exf4 18. Nf3 g5 19. Re1 g4 20. Rxe6 Bxe6 21. Nd4 Bc8 22. Bxf4 c6 23. Qd2 gxh3 24. Bf3 Ng4 25. Nde2 Ra5 26. Ne4 Rh5 27. Nxd6 h2+ 28. Kg2 h1Q+ 29. Rxh1 Rxh1 30. Nxc8 Rh2+ 31. Kg1 Qxc8 32. Bxg4 Qxg4 33. Kxh2 Rf5 34. Ng1 Bd4 35. Kg2 h5 36. Nf3 Bg7 37. Qe3 Rf8 38. Nh4 Qd7 39. Qe4 Re8 40. Qg6 Qf7 41. Qxf7+ Kxf7 42. Nf5 Bf8 43. Bd6 Kf6 44. Bxf8 Kxf5 45. Bb4 Kg4 46. f3+ Kf5 47. Kf2 b6 48. c5 b5 49. a3 Ke5 50. Ke3 Rg8 51. f4+ Kd5 52. Kf3 Kd4 53. f5 Rg4 54. f6 Rg6 55. Kf4 Rxf6+ 56. Kg5 Rf3 57. Be1 Kxd3 58. Kxh5 Ke2 59. Kg4 Rxa3 0-1

[Event "COL-ch U16"]
[Site "Medellin"]
[Date "2025.04.26"]
[Round "5"]
[White "Toro Ramirez, Samuel"]
[Black "Montilla Rodriguez, Camilo"]
[Result "1-0"]
[WhiteElo "1994"]
[BlackElo "1750"]
[PlyCount "125"]
[EventDate "2025.04.24"]
[EventType "swiss"]
[EventRounds "7"]
[EventCountry "COL"]
[SourceTitle "CB18_2025"]
[SourceDate "2025.04.30"]
[SourceVersion "1"]
[SourceVersionDate "2025.04.30"]
[SourceQuality "1"]

1. e4 c6 2. d4 d5 3. exd5 cxd5 4. Bd3 Nc6 5. c3 Nf6 6. h3 e5 7. dxe5 Nxe5 8. Qe2 Ne4 9. Bb5+ Bd7 10. Nf3 Ng6 11. Nd4 Be7 12. Nd2 0-0 13. Nxe4 dxe4 14. Qxe4 Bxb5 15. Nxb5 Bc5 16. 0-0 Qb6 17. a4 Rfe8 18. Qc2 a6 19. Na3 Rad8 20. b4 Be7 21. Be3 Qc7 22. Rfd1 Rc8 23. Rac1 Bd6 24. Qb3 Bf4 25. Re1 Bxe3 26. Rxe3 Rxe3 27. fxe3 Qg3 28. Nc2 Rd8 29. Qc4 h5 30. Rf1 Rd2 31. Qxf7+ Kh7 32. Rf2 Rd1+ 33. Rf1 Rd2 34. Ne1 Qxe3+ 35. Kh1 Rd1 36. Nc2 Rxf1+ 37. Qxf1 Qxc3 38. Qf5 Qe5 39. Qf3 b5 40. axb5 Qxb5 41. Nd4 Qe5 42. Nc6 Qb5 43. Qe4 Qg5 44. Kh2 h4 45. Qg4 Qb5 46. Qe4 Qg5 47. Qg4 Qb5 48. Qe6 Qd3 49. Ne7 Qg3+ 50. Kg1 Qg5 51. Nxg6 Qxg6 52. Qe7 Qf6 53. Qxf6 gxf6 54. g4 Kg6 55. Kf2 Kg5 56. Ke3 f5 57. gxf5 Kxf5 58. Kf3 Ke5 59. Kg4 Ke4 60. Kxh4 Kf4 61. Kh5 Kf5 62. h4 Kf6 63. Kg4 1-0

[Event "COL-ch U16"]
[Site "Medellin"]
[Date "2025.04.25"]
[Round "2"]
[White "Cardona Duque, Juan Esteban"]
[Black "Toro Ramirez, Samuel"]
[Result "1-0"]
[WhiteElo "1798"]
[BlackElo "1994"]
[PlyCount "129"]
[EventDate "2025.04.24"]
[EventType "swiss"]
[EventRounds "7"]
[EventCountry "COL"]
[SourceTitle "CB18_2025"]
[SourceDate "2025.04.30"]
[SourceVersion "1"]
[SourceVersionDate "2025.04.30"]
[SourceQuality "1"]

1. c4 e5 2. Nc3 Nc6 3. g3 Bc5 4. Bg2 a6 5. e3 Ba7 6. Nge2 d6 7. Rb1 h5 8. b4 h4 9. b5 h3 10. Bf3 Qf6 11. Nf4 exf4 12. bxc6 Rb8 13. cxb7 Bf5 14. Nd5 Qd8 15. Qa4+ Kf8 16. e4 fxg3 17. hxg3 Be6 18. Qxa6 Bd4 19. Ba3 c5 20. Rb6 Bxd5 21. Rxd6 Qc7 22. cxd5 Rh6 23. Rxh6 Nxh6 24. Ke2 Rxb7 25. Rc1 Ra7 26. Qd3 Kg8 27. Qxd4 cxd4 28. Rxc7 Rxc7 29. d6 Rc8 30. e5 h2 31. Kf1 Ng4 32. Kg2 Nxe5 33. Bd5 Rc2 34. Bb4 Nd7 35. Kxh2 Kf8 36. Kg2 Ke8 37. Kf3 Nf6 38. Bb3 Rb2 39. Ke2 Rb1 40. Bc5 Kd7 41. Bxf7 Kc6 42. Ba3 Rb7 43. Bb3 Ra7 44. Bb2 Kxd6 45. Bxd4 Rb7 46. f4 Nd5 47. Kf3 Re7 48. Be5+ Kc6 49. Ke4 Nb4 50. d4 Ra7 51. d5+ Kd7 52. a4 g6 53. Bc3 Na6 54. Bd4 Ra8 55. a5 Nc7 56. Ba4+ Ke7 57. Bb6 Ne8 58. Bc6 Rb8 59. Ke5 Nf6 60. Bc5+ Kf7 61. a6 Rd8 62. a7 g5 63. a8Q Rxa8 64. Bxa8 Ng4+ 65. Kf5 1-0

[Event "Medellin Sub zt 2.3.2"]
[Site "Medellin"]
[Date "2025.04.14"]
[Round "1"]
[White "Vasquez Rojas, Juan Diego"]
[Black "Toro Ramirez, Samuel"]
[Result "0-1"]
[WhiteElo "1679"]
[BlackElo "1994"]
[PlyCount "90"]
[EventDate "2025.04.14"]
[EventType "swiss"]
[EventRounds "9"]
[EventCountry "COL"]
[SourceTitle "CB18_2025"]
[SourceDate "2025.04.30"]
[SourceVersion "1"]
[SourceVersionDate "2025.04.30"]
[SourceQuality "1"]

1. e4 g6 2. d4 Bg7 3. Nf3 d6 4. Be2 Nf6 5. Nc3 0-0 6. 0-0 Nc6 7. a3 e5 8. d5 Ne7 9. Re1 Nh5 10. Nh4 Nf4 11. b4 Nexd5 12. Nxd5 Nxd5 13. Qxd5 Qxh4 14. Be3 c6 15. Qxd6 Qxe4 16. Bd3 Qd5 17. Bc5 Re8 18. Rad1 Qxd6 19. Bxd6 f5 20. Bc4+ Be6 21. Bxe6+ Rxe6 22. f4 e4 23. a4 Bc3 24. Re3 Rd8 25. Rxc3 Rexd6 26. Rxd6 Rxd6 27. Kf1 Kf7 28. Ke2 h6 29. Rh3 Kg7 30. c4 g5 31. fxg5 hxg5 32. Rc3 Kf6 33. b5 c5 34. Rb3 Ke5 35. a5 Rd4 36. a6 b6 37. Rh3 Rxc4 38. Rh7 Rb4 39. Rxa7 Rxb5 40. Ra8 Rb2+ 41. Kf1 Ra2 42. a7 Kf4 43. g3+ Kf3 44. Ke1 e3 45. Rf8 Ra1# 0-1

[Event "Medellin Departament op"]
[Site "Medellin"]
[Date "2025.04.06"]
[Round "7"]
[White "Toro Ramirez, Samuel"]
[Black "Lopez, Juan D"]
[Result "1-0"]
[WhiteElo "1994"]
[BlackElo "1842"]
[PlyCount "68"]
[EventDate "2025.04.02"]
[EventType "swiss"]
[EventRounds "7"]
[EventCountry "COL"]
[SourceTitle "CB15_2025"]
[SourceDate "2025.04.09"]
[SourceVersion "1"]
[SourceVersionDate "2025.04.09"]
[SourceQuality "1"]

1. e4 c5 2. Nf3 d6 3. d4 cxd4 4. Nxd4 Nf6 5. Nc3 a6 6. Be3 e5 7. Nb3 Be7 8. f3 Be6 9. Qd2 Nbd7 10. g4 h6 11. 0-0-0 b5 12. h4 Nb6 13. Qf2 Nc4 14. Bxc4 bxc4 15. Nc5 Qc7 16. Nxe6 fxe6 17. g5 Nd7 18. gxh6 gxh6 19. Rhg1 Nf8 20. f4 Bf6 21. f5 Qe7 22. fxe6 Bxh4 23. Qe2 Nxe6 24. Qh5+ Kd7 25. Nd5 Bg5 26. Nxe7 Bxe3+ 27. Kb1 Bxg1 28. Nf5 Raf8 29. Rxd6+ Kc7 30. Rxe6 Bc5 31. Qe2 Rhg8 32. a3 Rg1+ 33. Ka2 Bb6 34. Qxc4+ Kd7 1-0

[Event "Medellin Departament op"]
[Site "Medellin"]
[Date "2025.04.05"]
[Round "4"]
[White "Martinez Serna, Juan Esteban"]
[Black "Toro Ramirez, Samuel"]
[Result "1/2-1/2"]
[WhiteElo "1943"]
[BlackElo "1994"]
[PlyCount "117"]
[EventDate "2025.04.02"]
[EventType "swiss"]
[EventRounds "7"]
[EventCountry "COL"]
[SourceTitle "CB15_2025"]
[SourceDate "2025.04.09"]
[SourceVersion "1"]
[SourceVersionDate "2025.04.09"]
[SourceQuality "1"]

1. d4 Nf6 2. c4 e6 3. Nf3 b6 4. g3 Bb7 5. Bg2 Be7 6. 0-0 0-0 7. Nc3 Ne4 8. Bd2 f5 9. Qc2 c5 10. d5 Bf6 11. Nxe4 fxe4 12. Qxe4 exd5 13. cxd5 Re8 14. Qf5 g6 15. Qd3 d6 16. h4 Ba6 17. Qc2 Nd7 18. Ng5 Nf8 19. Rfe1 Qe7 20. e4 Rad8 21. f4 Bd4+ 22. Be3 Bg7 23. Rad1 h6 24. Nh3 Bc8 25. Nf2 Bf6 26. Bd2 Qg7 27. Bc3 Bxc3 28. Qxc3 g5 29. hxg5 hxg5 30. e5 Ng6 31. e6 gxf4 32. Ne4 Qxc3 33. bxc3 Kg7 34. Rf1 Rf8 35. gxf4 Nxf4 36. Rd2 Nxe6 37. dxe6 Bxe6 38. Rxf8 Kxf8 39. Nxd6 Ke7 40. Ne4 Rxd2 41. Nxd2 Bxa2 42. Kf2 Kd6 43. Ke3 Ke5 44. Bc6 Kd6 45. Bb5 Bd5 46. Ba6 Ke5 47. Nc4+ Ke6 48. Na3 Kd7 49. c4 Bf7 50. Kd3 Bg6+ 51. Kc3 Kc7 52. Nb5+ Kb8 53. Kd2 Be4 54. Ke3 Bc6 55. Nd6 Kc7 56. Nb5+ Kb8 57. Nd6 Kc7 58. Nb5+ Kb8 59. Nd6 1/2-1/2

[Event "COL-ch U20"]
[Site "Bogota"]
[Date "2025.01.30"]
[Round "3"]
[White "Moreno Sierra, Juan David"]
[Black "Toro Ramirez, Samuel"]
[Result "0-1"]
[WhiteElo "1692"]
[BlackElo "1995"]
[PlyCount "76"]
[EventDate "2025.01.29"]
[EventType "tourn"]
[EventRounds "9"]
[EventCountry "COL"]
[SourceTitle "CB06_2025"]
[SourceDate "2025.02.05"]
[SourceVersion "1"]
[SourceVersionDate "2025.02.05"]
[SourceQuality "1"]

1. d4 Nf6 2. Bf4 d6 3. e3 Nbd7 4. Nf3 Nh5 5. Bg5 h6 6. Bh4 g5 7. Bg3 Bg7 8. Be2 c5 9. c3 b6 10. Nbd2 Bb7 11. a4 0-0 12. Nc4 Rc8 13. a5 d5 14. a6 Ba8 15. Na3 Nxg3 16. hxg3 Qc7 17. Nb5 Qb8 18. Qc2 Rfd8 19. Qf5 c4 20. Ne5 Nxe5 21. dxe5 e6 22. Qg4 Qxe5 23. Bd1 d4 24. Nxd4 Bxg2 25. Rh2 Bc6 26. Bf3 f5 27. Nxc6 Rxc6 28. Qh5 Rcd6 29. Qg6 Qb5 30. Rb1 Qxa6 31. Rxh6 Qa2 32. Rd1 Qa4 33. Rxd6 Rxd6 34. Kf1 g4 35. Bb7 Qd7 36. Ba8 Qd8 37. e4 Qxa8 38. exf5 Rd1+ 0-1

[Event "COL-ch U20"]
[Site "Bogota"]
[Date "2025.01.29"]
[Round "1"]
[White "Perez Valero, Andres Gabriel"]
[Black "Toro Ramirez, Samuel"]
[Result "1-0"]
[WhiteElo "1664"]
[BlackElo "1995"]
[PlyCount "61"]
[EventDate "2025.01.29"]
[EventType "tourn"]
[EventRounds "9"]
[EventCountry "COL"]
[SourceTitle "CB06_2025"]
[SourceDate "2025.02.05"]
[SourceVersion "1"]
[SourceVersionDate "2025.02.05"]
[SourceQuality "1"]

1. e4 g6 2. d4 Bg7 3. Nc3 d6 4. Be3 a6 5. f4 b5 6. Nf3 Nd7 7. g3 Ngf6 8. e5 Ng4 9. Bg1 Bb7 10. Bg2 c5 11. Qe2 cxd4 12. Bxd4 dxe5 13. fxe5 b4 14. e6 0-0 15. exf7+ Rxf7 16. Ne4 Qa5 17. Bxg7 Kxg7 18. 0-0-0 Nc5 19. Nxc5 Qxc5 20. Nd4 Qg5+ 21. Rd2 Kg8 22. Bxb7 Rb8 23. Nf3 Qa5 24. Bd5 b3 25. Bxf7+ Kxf7 26. Qc4+ Kg7 27. cxb3 Qxa2 28. Re1 e5 29. Qc7+ Kh6 30. Qxb8 g5 31. Rd6+ 1-0

[Event "Manizales op 30th"]
[Site "Manizales"]
[Date "2025.01.09"]
[Round "3"]
[White "Toro Ramirez, Samuel"]
[Black "Duran Lopez, Arlesc"]
[Result "1-0"]
[WhiteElo "1995"]
[BlackElo "1740"]
[PlyCount "78"]
[EventDate "2025.01.08"]
[EventType "tourn"]
[EventRounds "7"]
[EventCountry "COL"]
[SourceTitle "CB03_2025"]
[SourceDate "2025.01.15"]
[SourceVersion "1"]
[SourceVersionDate "2025.01.15"]
[SourceQuality "1"]

1. e4 c5 2. Nf3 Nc6 3. Bb5 e6 4. 0-0 Nge7 5. Re1 a6 6. Bf1 g6 7. c3 Bg7 8. e5 0-0 9. g3 d6 10. exd6 Qxd6 11. d3 b5 12. Nbd2 f5 13. a4 Bb7 14. Qb3 Ne5 15. Nxe5 Bxe5 16. Bg2 Bxg2 17. Kxg2 Nd5 18. axb5 f4 19. Nc4 fxg3 20. Nxd6 Rxf2+ 21. Kg1 Raf8 22. hxg3 Bxg3 23. Bh6 c4 24. Qxc4 axb5 25. Qxb5 Nf4 26. Bxf4 R2xf4 27. Rf1 Bf2+ 28. Rxf2 Rxf2 29. Qe5 R2f6 30. Ne4 Rf5 31. Qxe6+ Kg7 32. Kg2 h5 33. b4 h4 34. Qe7+ R8f7 35. Qxh4 Rh5 36. Qg4 Rff5 37. Ra7+ Kh6 38. Ra6 Rfg5 39. Nxg5 Rxg5 1-0

[Event "Medellin Castro Memorial op-A 31st"]
[Site "Medellin"]
[Date "2024.08.10"]
[Round "8"]
[White "Garces Trujillo, Luis Javier"]
[Black "Toro Ramirez, Samuel"]
[Result "0-1"]
[WhiteElo "1798"]
[BlackElo "1948"]
[PlyCount "70"]
[EventDate "2024.08.07"]
[EventType "swiss"]
[EventRounds "10"]
[EventCountry "COL"]
[SourceTitle "CBM 221 Extra"]
[Source "ChessBase"]
[SourceDate "2024.09.30"]
[SourceVersion "1"]
[SourceVersionDate "2024.09.30"]
[SourceQuality "1"]

1. d4 Nf6 2. c4 e6 3. Nf3 b6 4. g3 Bb7 5. Bg2 Be7 6. Nc3 0-0 7. d5 Bb4 8. Nh4 e5 9. Nf5 Bxc3+ 10. bxc3 d6 11. Qd2 Bc8 12. Nxg7 Kxg7 13. Qh6+ Kh8 14. Bg5 Ng8 15. Bxd8 Nxh6 16. Bxc7 Nf5 17. e4 Na6 18. exf5 Nxc7 19. Be4 Na6 20. g4 Nc5 21. f3 Ba6 22. h4 Bxc4 23. Kd2 h5 24. g5 f6 25. Rhg1 Kg7 26. gxf6+ Kxf6 27. Rg5 Rg8 28. Rag1 Kf7 29. a3 Nd7 30. Ke3 Nf6 31. Rd1 Rac8 32. Rd2 Rc5 33. Rxg8 Kxg8 34. f4 Bxd5 35. fxe5 Nxe4 0-1

[Event "Medellin Castro Memorial op-A 31st"]
[Site "Medellin"]
[Date "2024.08.10"]
[Round "7"]
[White "Toro Ramirez, Samuel"]
[Black "Montenegro Mancera, Juan Rolando"]
[Result "0-1"]
[WhiteElo "1948"]
[BlackElo "2063"]
[PlyCount "96"]
[EventDate "2024.08.07"]
[EventType "swiss"]
[EventRounds "10"]
[EventCountry "COL"]
[SourceTitle "CBM 221 Extra"]
[Source "ChessBase"]
[SourceDate "2024.09.30"]
[SourceVersion "1"]
[SourceVersionDate "2024.09.30"]
[SourceQuality "1"]

1. e4 e6 2. d4 d5 3. Nc3 Nf6 4. e5 Nfd7 5. f4 c5 6. Nf3 Nc6 7. Be3 Rb8 8. Qd2 Qa5 9. Bd3 b5 10. 0-0 b4 11. Nd1 Ba6 12. Bxa6 Qxa6 13. Nf2 Qb6 14. c3 a5 15. g4 h5 16. h3 g6 17. Kg2 a4 18. c4 cxd4 19. Nxd4 Bc5 20. Rad1 Nxd4 21. Bxd4 dxc4 22. Bxc5 Nxc5 23. Qd4 Qc6+ 24. Kh2 hxg4 25. Nxg4 Nd3 26. Nf6+ Ke7 27. b3 axb3 28. axb3 Ra8 29. Rxd3 Rhd8 30. Ng8+ Rxg8 31. Qd6+ Qxd6 32. exd6+ Kd7 33. bxc4 Rgc8 34. Rc1 Rc5 35. Kg3 Ra6 36. Kg4 Rxd6 37. Rxd6+ Kxd6 38. Rd1+ Kc6 39. Rd4 Ra5 40. Rd8 Ra7 41. Kg5 Rb7 42. Rc8+ Kd7 43. Rf8 Ke7 44. Ra8 b3 45. Ra1 b2 46. Rb1 Kd6 47. Kf6 Kc5 48. h4 Kxc4 0-1

[Event "Medellin Castro Memorial op-A 31st"]
[Site "Medellin"]
[Date "2024.08.09"]
[Round "6"]
[White "Luna Monsalve, Sofia"]
[Black "Toro Ramirez, Samuel"]
[Result "0-1"]
[WhiteElo "1801"]
[BlackElo "1948"]
[PlyCount "78"]
[EventDate "2024.08.07"]
[EventType "swiss"]
[EventRounds "10"]
[EventCountry "COL"]
[SourceTitle "CBM 221 Extra"]
[Source "ChessBase"]
[SourceDate "2024.09.30"]
[SourceVersion "1"]
[SourceVersionDate "2024.09.30"]
[SourceQuality "1"]

1. d4 Nf6 2. c4 e6 3. Nc3 c5 4. d5 exd5 5. cxd5 Bd6 6. e4 0-0 7. Bd3 Re8 8. Nge2 Bc7 9. 0-0 d6 10. h3 a6 11. a4 Nbd7 12. f4 Nf8 13. Be3 Ng6 14. Qd2 Rb8 15. Rac1 Ba5 16. Qc2 Bd7 17. e5 dxe5 18. Bxg6 hxg6 19. fxe5 Bf5 20. Qd1 Bc7 21. Ng3 Bxe5 22. Nxf5 gxf5 23. Bxc5 Rc8 24. Bd4 Nxd5 25. Bxe5 Rxe5 26. Nxd5 Rxc1 27. Qxc1 Rxd5 28. Qf4 g6 29. Qb4 b5 30. axb5 Qb6+ 31. Kh1 Rxb5 32. Qc3 Rxb2 33. Re1 Kh7 34. Re8 Rb1+ 35. Kh2 Qg1+ 36. Kg3 f4+ 37. Kxf4 Rf1+ 38. Kg3 Qf2+ 39. Kg4 Qf4# 0-1

[Event "COL-ch sf"]
[Site "Pereira"]
[Date "2024.03.29"]
[Round "7"]
[White "Toro Ramirez, Samuel"]
[Black "Valle, Efrain"]
[Result "1-0"]
[WhiteElo "1861"]
[BlackElo "1941"]
[PlyCount "85"]
[EventDate "2024.03.26"]
[EventType "swiss"]
[EventRounds "11"]
[EventCountry "COL"]
[SourceTitle "CBM 219 Extra"]
[Source "ChessBase"]
[SourceDate "2024.05.31"]
[SourceVersion "1"]
[SourceVersionDate "2024.05.31"]
[SourceQuality "1"]

1. e4 e5 2. Nf3 Nc6 3. Nc3 Bc5 4. Bc4 d6 5. d3 Nf6 6. 0-0 0-0 7. h3 Be6 8. Bb3 d5 9. Bg5 d4 10. Nd5 Be7 11. Nxe7+ Qxe7 12. Nh2 h6 13. Bxf6 Qxf6 14. Qh5 Ne7 15. Ng4 Bxg4 16. Qxg4 Ng6 17. g3 a5 18. f4 a4 19. fxe5 Nxe5 20. Rxf6 Nxg4 21. Bxf7+ Kh8 22. Rf4 Ne3 23. c3 a3 24. b3 g5 25. Rf2 c5 26. Bh5 b6 27. Rc1 Rxf2 28. Kxf2 Rf8+ 29. Ke2 b5 30. b4 g4 31. bxc5 b4 32. cxd4 b3 33. axb3 Rf1 34. Rxf1 Nxf1 35. c6 a2 36. c7 Nxg3+ 37. Kf2 Nh1+ 38. Ke3 a1Q 39. c8Q+ Kg7 40. Qd7+ Kh8 41. Qe8+ Kg7 42. Qf7+ Kh8 43. Qf6+ 1-0

[Event "Medellin de La Raza op"]
[Site "Medellin"]
[Date "2023.10.14"]
[Round "6"]
[White "Toro Ramirez, Samuel"]
[Black "Velandia, Wilson"]
[Result "1/2-1/2"]
[WhiteElo "1849"]
[BlackElo "1564"]
[PlyCount "67"]
[EventDate "2023.10.12"]
[EventType "swiss"]
[EventRounds "10"]
[EventCountry "COL"]
[SourceTitle "CBM 216 Extra"]
[Source "ChessBase"]
[SourceDate "2023.11.30"]
[SourceVersion "1"]
[SourceVersionDate "2023.11.30"]
[SourceQuality "1"]

1. e4 a6 2. d4 e6 3. Bd3 d5 4. Nc3 dxe4 5. Nxe4 Nf6 6. Nxf6+ Qxf6 7. Nf3 h6 8. 0-0 Bd6 9. Re1 0-0 10. c3 Nd7 11. Bc2 Re8 12. Qd3 Nf8 13. Ne5 b6 14. Nc4 Rd8 15. Nxd6 Rxd6 16. Qg3 Ng6 17. Be4 Rb8 18. b3 Bb7 19. Bxb7 Rxb7 20. a4 Qd8 21. Ba3 Rd5 22. b4 c6 23. Re4 a5 24. Qe3 Ra7 25. c4 Rdd7 26. b5 cxb5 27. axb5 Rab7 28. g3 Ne7 29. Bxe7 Rxe7 30. Rb1 Rec7 31. c5 bxc5 32. dxc5 Qd5 33. Re5 Qa2 34. Rd1 1/2-1/2

[Event "Medellin Flores op 30th"]
[Site "Medellin"]
[Date "2023.08.05"]
[Round "5"]
[White "Toro Ramirez, Samuel"]
[Black "Laverde, Luis Eduardo"]
[Result "1/2-1/2"]
[WhiteElo "1809"]
[BlackElo "2008"]
[PlyCount "113"]
[EventDate "2023.08.03"]
[EventType "swiss"]
[EventRounds "9"]
[EventCountry "COL"]
[SourceTitle "EXT 2024"]
[Source "ChessBase"]
[SourceDate "2023.10.10"]
[SourceVersion "1"]
[SourceVersionDate "2023.10.10"]
[SourceQuality "1"]

1. e4 d5 2. exd5 Qxd5 3. Nc3 Qa5 4. Nf3 Nf6 5. d4 c6 6. Bd2 Bg4 7. Ne4 Qb6 8. Nxf6+ gxf6 9. b3 Bxf3 10. Qxf3 Qxd4 11. Bc3 Qd5 12. Qxd5 cxd5 13. 0-0-0 Nd7 14. Rxd5 e6 15. Rd1 a6 16. Bd3 Ba3+ 17. Kb1 Ke7 18. h4 Rac8 19. Bd4 Bc5 20. Be4 Bxd4 21. Rxd4 Nc5 22. Bf3 Rc7 23. g3 Rhc8 24. c4 a5 25. Kb2 f5 26. Rd2 a4 27. b4 Na6 28. a3 b6 29. Rhd1 Nb8 30. Be2 Nc6 31. Rd6 Ne5 32. Rxb6 Nxc4+ 33. Bxc4 Rxc4 34. Rd2 Rc3 35. Ra6 Rb3+ 36. Ka2 Rbc3 37. Kb2 Rb3+ 38. Ka2 Rbc3 39. Rb2 f4 40. Rxa4 fxg3 41. fxg3 Rxg3 42. Ra7+ Kd6 43. Rxf7 Ra8 44. Rb3 Rg2+ 45. Rb2 Rg3 46. Rb3 Rg2+ 47. Kb1 Rg1+ 48. Kc2 Rg2+ 49. Kd1 Ra2 50. Rd3+ Ke5 51. Rd2 Rxd2+ 52. Kxd2 Rxa3 53. Rxh7 Rb3 54. Rb7 Rh3 55. h5 Kd4 56. Rd7+ Kc4 57. Rd6 1/2-1/2

[Event "COL-ch U14"]
[Site "Cartagena"]
[Date "2023.04.16"]
[Round "7"]
[White "Lopez, Ricardo Andres"]
[Black "Toro Ramirez, Samuel"]
[Result "1/2-1/2"]
[WhiteElo "1708"]
[BlackElo "1682"]
[PlyCount "57"]
[EventDate "2023.04.13"]
[EventType "swiss"]
[EventRounds "7"]
[EventCountry "COL"]
[SourceTitle "CBM 213 Extra"]
[Source "ChessBase"]
[SourceDate "2023.05.31"]
[SourceVersion "1"]
[SourceVersionDate "2023.05.31"]
[SourceQuality "1"]

1. e4 e5 2. Nf3 Nc6 3. Bb5 a6 4. Ba4 Nf6 5. 0-0 Be7 6. Re1 b5 7. Bb3 0-0 8. c3 d6 9. d4 Bg4 10. h3 Bxf3 11. gxf3 Na5 12. f4 Nxb3 13. axb3 exf4 14. Bxf4 d5 15. e5 Ne4 16. Nd2 Ng5 17. Qg4 f5 18. Qg2 Ne6 19. Bh2 Kh8 20. Kf1 a5 21. Red1 c6 22. Nf3 Qb6 23. h4 Ra7 24. Ng5 Bxg5 25. hxg5 g6 26. f4 Rfa8 27. Rd3 Rd8 28. Qf2 Kg8 29. Kg2 1/2-1/2

[Event "COL-ch U14"]
[Site "Cartagena"]
[Date "2023.04.15"]
[Round "4"]
[White "Toro Ramirez, Samuel"]
[Black "Garzon Camelo, Andres Santiago"]
[Result "1/2-1/2"]
[WhiteElo "1682"]
[BlackElo "1916"]
[PlyCount "111"]
[EventDate "2023.04.13"]
[EventType "swiss"]
[EventRounds "7"]
[EventCountry "COL"]
[SourceTitle "CBM 213 Extra"]
[Source "ChessBase"]
[SourceDate "2023.05.31"]
[SourceVersion "1"]
[SourceVersionDate "2023.05.31"]
[SourceQuality "1"]

1. e4 c5 2. Nf3 d6 3. d4 cxd4 4. Nxd4 Nf6 5. Nc3 g6 6. Be3 Bg7 7. f3 0-0 8. Qd2 Nc6 9. Bc4 Ne5 10. Bb3 Bd7 11. h4 Rc8 12. 0-0-0 Nc4 13. Bxc4 Rxc4 14. h5 Qa5 15. Nb3 Qa6 16. hxg6 fxg6 17. e5 Ne8 18. Nc5 Rxc5 19. Bxc5 Bxe5 20. Bd4 Bf4 21. Be3 Be5 22. Bd4 Bf4 23. Be3 Bg3 24. Qd5+ Rf7 25. Ne4 e6 26. Qd4 Be5 27. Qxa7 Qc4 28. b3 Qc8 29. Bd4 Bf4+ 30. Kb1 d5 31. Nc5 Bc6 32. Nd3 Bb8 33. Qa5 b6 34. Qc3 Qb7 35. Ne5 Rc7 36. Nxc6 Rxc6 37. Qe3 Qf7 38. Be5 Bxe5 39. Qxe5 Nc7 40. Rh4 Nb5 41. c4 Na3+ 42. Kb2 Qa7 43. Rf4 Qa8 44. Qf6 Qe8 45. Kxa3 e5 46. Qf8+ Qxf8+ 47. Rxf8+ Kxf8 48. cxd5 Rc2 49. Re1 Rxg2 50. Rxe5 h5 51. Re6 h4 52. Rxb6 h3 53. Rb4 g5 54. Rb8+ Kg7 55. Rb7+ Kg6 56. Rb8 1/2-1/2

[Event "COL-ch U14"]
[Site "Cartagena"]
[Date "2023.04.14"]
[Round "3"]
[White "Cardona Duque, Juan Esteban"]
[Black "Toro Ramirez, Samuel"]
[Result "0-1"]
[WhiteElo "1401"]
[BlackElo "1682"]
[PlyCount "58"]
[EventDate "2023.04.13"]
[EventType "swiss"]
[EventRounds "7"]
[EventCountry "COL"]
[SourceTitle "CBM 213 Extra"]
[Source "ChessBase"]
[SourceDate "2023.05.31"]
[SourceVersion "1"]
[SourceVersionDate "2023.05.31"]
[SourceQuality "1"]

1. e4 e5 2. Nf3 Nc6 3. Bb5 a6 4. Bxc6 dxc6 5. h3 c5 6. 0-0 f6 7. c3 Qd3 8. Na3 b6 9. Re1 Bb7 10. Nh4 0-0-0 11. Nc2 g5 12. Re3 Qd7 13. Nf3 h5 14. Nh2 f5 15. exf5 Qxf5 16. Re1 Nf6 17. Ne3 Qd7 18. Qe2 Nd5 19. Nxd5 Qxd5 20. f3 c4 21. Nf1 Bc5+ 22. Kh1 g4 23. Nh2 g3 24. Nf1 Bf2 25. Ne3 Qd7 26. Rf1 Rhf8 27. Nxc4 Bxf3 28. Qxf3 Rxf3 29. Nxe5 Qb5 0-1

[Event "Medellin Easter op 11th"]
[Site "Medellin"]
[Date "2023.04.09"]
[Round "6"]
[White "Toro Ramirez, Samuel"]
[Black "Laverde, Luis Eduardo"]
[Result "1/2-1/2"]
[WhiteElo "1682"]
[BlackElo "1973"]
[PlyCount "43"]
[EventDate "2023.04.05"]
[EventType "swiss"]
[EventRounds "7"]
[EventCountry "COL"]
[SourceTitle "CBM 213 Extra"]
[Source "ChessBase"]
[SourceDate "2023.05.31"]
[SourceVersion "1"]
[SourceVersionDate "2023.05.31"]
[SourceQuality "1"]

1. e4 c5 2. Nf3 d6 3. d4 cxd4 4. Qxd4 Nc6 5. Bb5 a6 6. Bxc6+ bxc6 7. Bg5 h6 8. Bh4 c5 9. Qc3 Bb7 10. Nbd2 Qc7 11. e5 dxe5 12. Nxe5 Nf6 13. Bg3 Nh5 14. Qc4 Nxg3 15. Qa4+ Bc6 16. Nxc6 Qd7 17. Nc4 Ne4 18. Rd1 Nd6 19. N4e5 Qb7 20. Nd4+ Nb5 21. Nxb5 axb5 22. Qb3 1/2-1/2